| 000 | 00596nam a2200193 a 4500 | ||
|---|---|---|---|
| 005 | 20240806063756.0 | ||
| 008 | 030313s2001 mx r 000 0 spa d | ||
| 020 | _a9682323576 | ||
| 035 | _aUPN01000122896 | ||
| 049 | _aCG | ||
| 050 | 4 |
_aLA557 _bF7.3 |
|
| 100 | 1 |
_aFreire, Paulo, _d1921-1997 |
|
| 245 | 1 | 0 |
_aEducación y actualidad brasileña / _cPaulo Freire ; tr. de Stella Mastrangelo. |
| 260 |
_aMéxico : _bSiglo XXI, _c2001. |
||
| 300 | _axxx, 123 p. | ||
| 534 |
_pTraducción de: _tEducacao e etualidade brasileira |
||
| 650 | 4 |
_aEducación _zBrasil _xHistoria _915031 |
|
| 905 | _aLibro | ||
| 999 |
_c95079 _d95079 |
||